Normal view
MARC view
- Siebert, Fred S.
Entry Personal Name
001 - CONTROL NUMBER
- control field: 41934
003 - CONTROL NUMBER IDENTIFIER
- control field: DLC
005 - DATE AND TIME OF LATEST TRANSACTION
- control field: 20181114152553.0
008 - FIXED-LENGTH DATA ELEMENTS
- fixed length control field: 890822n| acannaab| |a aaa |||
010 ## - LIBRARY OF CONGRESS CONTROL NUMBER
- LC control number: n 89646925
040 ## - CATALOGING SOURCE
- Original cataloging agency: DLC
- Language of cataloging: eng
- Transcribing agency: DLC
- Modifying agency: DLC
- Modifying agency: EG-ScBUE
100 10 - HEADING--PERSONAL NAME
- Personal name: Siebert, Fred S.
- Fuller form of name: (Fred Seaton),
- Dates associated with a name: 1902?-1982
400 10 - SEE FROM TRACING--PERSONAL NAME
- Control subfield: nnaa
- Personal name: Siebert, Fredrick Seaton,
- Dates associated with a name: 1902-
400 10 - SEE FROM TRACING--PERSONAL NAME
- Personal name: Siebert, Fredrick Seaton,
- Dates associated with a name: 1902?-1982
400 10 - SEE FROM TRACING--PERSONAL NAME
- Personal name: Seibert, Frederick Seaton,
- Dates associated with a name: 1902?-1982
670 ## - SOURCE DATA FOUND
- Source citation: nuc88-91494: His Four theories of the press, 1963
- Information found: (hdg. on NcGU rept.: Siebert, Fredrick Seaton, 1902- ; usage: Fred S. Siebert)
670 ## - SOURCE DATA FOUND
- Source citation: LC data base, 8/22/89
- Information found: (hdg.: Siebert, Fredrick Seaton, 1902- ; usage: Fred S. Siebert) LC manual auth. cd. (some sources give birthdate as 1901, others give it as 1902; some sources give forename as Fredrick, others give it as Frederick)
670 ## - SOURCE DATA FOUND
- Source citation: NUCMC data from Univ. of Ill. at Urbana-Champaign Archives for His Papers, 1932-1979
- Information found: (Siebert, Frederick S., 1901-1982; professor of journalism at Univ. of Ill. (Urbana-Champaign campus))
670 ## - SOURCE DATA FOUND
- Source citation: Bio. and gen. master index, c1980
- Information found: (Siebert, Fred Seaton, 1901- ; Siebert, Frederick Seaton, 1902- ; Siebert, Fredrick Seaton, 1901- ; Siebert, Fredrick Seaton, 1902- )